01462nam a2200181Ia 450000500170000000800410001702000180005805000210007608200220009710000390011924500610015826000330021930000390025250000480029150508730033965000280121265000400124020231102151122.0120626s2009 mx a 000 0 spa d a9786071700445 aHF5651bG37 2009 a657 bG216c 20091 aGarcia Hernández, Jesúseautor aContabilidad básica 1c / Jesús García Hernández aMéxicob : Trillasc, 2009 a352 páginasb : tablasc ; 27 cm aIncluye: índice analítico (pp. 344-352) aContabilidad financiera Estructura básica de la contabilidad financiera Estructura financiera de la entidad Catálogo de cuentas La cuenta y sus características, el mayor y el proceso contable Reglas del cargo y del abono Guía de contabilización e instructivo del catálogo de cuentas Impuesto al valor agregado Estudio individual de las cuentas de activo Fondo fijo de caja Conciliació bancaria Documentos endosados o descontados Estimación para cuentas incobrables Depreciación y amortización Factoraje y su contabilización Procedimientos para el registro de mercancias, y sistemas y métodos de valuación Mercancías en tránsito o en camino Mercancias en consignación Pasivo a coto y a largo plazo Cuentas de recultados o de capital Balanza de comprobación Asientos de actualización o de ajuste y de liquidación Hoja de trabajo  aCONTABILIDAD FINANCIERA 0aCONTABILIDADxESTUDIO Y ENSEÑANZA